L’Économie du Japon

Đã lưu trong:
Sonraí Bibleagrafaíochta
Príomhúdar: Moreau, Maurice
Formáid: Leabhar
Teanga:Undetermined
Foilsithe: [Paris] Presses Universitaires de France 1959
Clibeanna: Cuir Clib Leis
Gan Chlibeanna, Bí ar an gcéad duine leis an taifead seo a chlibeáil!
Thư viện lưu trữ: Trung tâm Học liệu Trường Đại học Cần Thơ
LEADER 00450nam a2200169Ia 4500
001 CTU_96744
008 210402s9999 xx 000 0 und d
082 |a 330.95204 
082 |b M837 
100 |a Moreau, Maurice 
245 0 |a L’Économie du Japon 
245 0 |c Maurice Moreau 
260 |a [Paris] 
260 |b Presses Universitaires de France 
260 |c 1959 
904 |i Năm 
980 |a Trung tâm Học liệu Trường Đại học Cần Thơ